My Topa; history of PAF public School Lower Topa (Record no. 293137)

000 -LEADER
fixed length control field 00337 a2200133 4500
001 - CONTROL NUMBER
control field 58064
082 ## - DEWEY DECIMAL CLASSIFICATION NUMBER
Classification number 355.00711 MAS
090 ## - LOCALLY ASSIGNED LC-TYPE CALL NUMBER (OCLC); LOCAL CALL NUMBER (RLIN)
-- 35576
-- 35576
100 ## - MAIN ENTRY--PERSONAL NAME
Personal name Masood Khan
245 ## - TITLE STATEMENT
Title My Topa; history of PAF public School Lower Topa
260 ## - PUBLICATION, DISTRIBUTION, ETC.
Place of publication, distribution, etc. Karachi
Name of publisher, distributor, etc. Jan Printers
Date of publication, distribution, etc. 2006
300 ## - PHYSICAL DESCRIPTION
Extent 375
600 ## - SUBJECT ADDED ENTRY--PERSONAL NAME
Personal name Muhammad Masood Khan
942 ## - ADDED ENTRY ELEMENTS (KOHA)
Institution code [OBSOLETE] NUST-CAE
Call number prefix 355.00711 MAS
Holdings
Withdrawn status Lost status Damaged status Not for loan Collection code Permanent Location Current Location Date acquired Total Checkouts Full call number Barcode Date last seen Price effective from Koha item type
          College of Aeronautical Engineering (CAE) College of Aeronautical Engineering (CAE) 04/03/2017   355.00711 MAS CAE80437 04/05/2017 04/05/2017 Book
          College of Aeronautical Engineering (CAE) College of Aeronautical Engineering (CAE) 04/03/2017   355.00711 MAS CAE82115 04/05/2017 04/05/2017 Book
          College of Aeronautical Engineering (CAE) College of Aeronautical Engineering (CAE) 04/03/2017   355.00711 MAS CAE80439 04/05/2017 04/05/2017 Book
          College of Aeronautical Engineering (CAE) College of Aeronautical Engineering (CAE) 04/03/2017   355.00711 MAS CAE80438 04/05/2017 04/05/2017 Book
© 2023 Central Library, National University of Sciences and Technology. All Rights Reserved.